000 00364nam a22001577a 4500
003 SGT
020 _a978-93-392-1960-4
082 _a621.3192
_bSUD
100 _aSUDHAKAR,A
245 _aCIRCUITS AND NETWORKS :ANALYSIS AND SYNTHESIS
250 _a5TH
260 _aCHENNAI
_bMC -GRAW HILL EDUCATION.
_c2017
300 _a934
650 _aECE
942 _2ddc
_cBK
999 _c14542
_d14542